Experimentálny výskum vybraných vlastností zemín

Guardado en:
Detalles Bibliográficos
Autor principal: Hirtlová, Monika (Autor)
Otros Autores: Frankovská, Jana (Orientador)
Formato: Manuscrito Libro
Lenguaje:eslovaco
Publicado: 2025
Materias:
Acceso en línea:http://is.stuba.sk/zp/portal_zp.pl?podrobnosti=174788
CRZP
Etiquetas: Agregar Etiqueta
Sin Etiquetas, Sea el primero en etiquetar este registro!

MARC

LEADER 00000ntm a22000003a 4500
001 stuzp104389
003 SK-STU
005 20250724105033.1
007 ta
008 150427s2015----xo-----f-mn---000-0-slo-d
040 |a STU  |b slo 
041 0 |a slo 
100 1 |a Hirtlová, Monika  |u 010150  |4 aut  |U SvF Stavebná fakulta  |T SvF Katedra geotechniky  |X 120313  |U V150  |Y 15  |7 120313 
242 0 1 |a Experimental study of selected soil properties  |y eng 
245 1 0 |a Experimentálny výskum vybraných vlastností zemín 
260 |c 2025 
650 4 |a bentonit  |2 slo 
650 4 |a montmorillonit  |2 slo 
650 4 |a medza tekutosti  |2 slo 
650 4 |a napučiavosť  |2 slo 
650 4 |a priepustnosť  |2 slo 
650 4 |a montmorillonite  |2 eng 
650 4 |a liquid limit  |2 eng 
650 4 |a swelling  |2 eng 
650 4 |a bentonite  |2 eng 
650 4 |a permeability  |2 eng 
700 1 |a Frankovská, Jana  |u 010150  |k Z1  |4 ths  |U SvF Stavebná fakulta  |T SvF Katedra geotechniky  |X 3849  |U V150  |Y 15  |7 A000003849 
856 4 |u http://is.stuba.sk/zp/portal_zp.pl?podrobnosti=174788 
856 4 |u https://opac.crzp.sk/?fn=detailBiblioForm&sid=4013D2F8FE5692F45AC2284F6B33  |z CRZP